[Event "Linares"]
[Site "11"]
[Date "1993.??.??"]
[Round "9"]
[White "Ljubojevic, Ljubomir"]
[Black "Karpov, Anatoly"]
[Result "0-1"]
[WhiteElo "2605"]
[BlackElo "2725"]
[Annotator "JvR"]
[PlyCount "80"]
[EventDate "1993.??.??"]

1. c4 e5 2. Nc3 Nf6 3. Nf3 Nc6 4. e3 Bb4 5. Qc2 O-O 6. Nd5 Re8 7. Bd3 g6 8.
Nxf6+ Qxf6 9. a3 Bf8 10. Be4 d6 11. b3 $6 Nd8 $1 12. Bb2 Qe7 $1 13. Rc1 c6 14.
Qb1 Bg7 15. O-O Bd7 16. b4 f5 17. Bc2 Nf7 18. Ne1 c5 $5 19. Bc3 b6 20. Qb2 Ng5
21. f3 $6 Bc6 22. Bb3 Ne6 23. Nc2 Qh4 24. Ne1 Re7 25. Qc2 Rf8 26. Qd3 Rd8 27.
Qc2 Bf6 28. Rd1 Nd4 $3 {The defence line is opened.} 29. exd4 exd4 30. Rf2 ({
The point is} 30. Bb2 Re2 31. Nd3 Rde8 {and White has no proper defence
against 32...Rxg2+! (Karpov).}) 30... dxc3 31. dxc3 Bg5 32. g3 Qh5 33. f4 Rde8
34. Ng2 Re2 $2 ({Black wins by} 34... Bh6 $1 35. Rxd6 Bxg2 36. Kxg2 Bxf4 $1)
35. Rd2 $2 ({Right is} 35. Rxe2 Rxe2 36. Rd2) 35... Re1+ 36. Rf1 ({Or} 36. Nxe1
Rxe1+ 37. Rf1 Qf3 $1 38. Rxe1 Qh1+ 39. Kf2 Qg2+ 40. Ke3 Qf3#) 36... Rxf1+ 37.
Kxf1 Qxh2 38. Rd5 Bxd5 39. cxd5 Qxg3 40. fxg5 Qf3+ {The K's shared the lead.}
0-1

[Event "Linares"]
[Site "11"]
[Date "1993.??.??"]
[Round "10"]
[White "Karpov, Anatoly"]
[Black "Kasparov, Gary"]
[Result "0-1"]
[WhiteElo "2725"]
[BlackElo "2805"]
[Annotator "JvR"]
[PlyCount "54"]
[EventDate "1993.??.??"]

1. d4 Nf6 2. c4 g6 3. Nc3 Bg7 4. e4 d6 5. f3 O-O 6. Be3 e5 7. Nge2 c6 8. Qd2
Nbd7 9. Rd1 $5 a6 10. dxe5 $6 ({Preferable is} 10. d5 $1 c5 11. g4 {
(Letelier-Dworzynski, Moscow 1956).}) 10... Nxe5 $1 11. b3 b5 $1 12. cxb5 axb5
13. Qxd6 {White accepts the positional sacrifice.} Nfd7 $1 14. f4 $2 {Karpov
has overlooked an extraordinary move.} ({Better is} 14. a4 $1 bxa4 15. Nxa4
Rxa4 $1 16. bxa4 Nc4 17. Qd3 Nb2 18. Qc2 Nxd1 19. Qxd1 Qa5+ 20. Kf2 Ne5 {
(Kasparov) with mutual chances.}) 14... b4 $3 {The crucial position has been
analysed thoroughly.} 15. Nb1 $6 (15. Na4 $2 Rxa4 $1 16. bxa4 Nc4 17. Qd3 Nb2)
(15. Qxb4 $2 c5 $1 16. Bxc5 Nxc5 $1 17. Rxd8 Ned3+) ({Best is} 15. fxe5 $5 bxc3
16. Nxc3 Bxe5 17. Qxc6 $1 Bxc3+ 18. Qxc3 Qh4+ 19. Kd2 $1 Nf6 20. Kc1 {Kasparov
finds the position unclear, but} Be6 $1 21. Kb2 Nxe4 22. Qe5 Rfe8 {wins. The
queen will be chased from the long diagonal and an attack on the white king
decides.}) 15... Ng4 16. Bd4 Bxd4 17. Qxd4 ({Or} 17. Nxd4 Rxa2 18. Rd2 Ra1)
17... Rxa2 18. h3 c5 19. Qg1 Ngf6 20. e5 Ne4 21. h4 c4 22. Nc1 {Karpov plays
like Steinitz.} c3 $5 {Kasparov wants to humiliate his foe.} (22... Rb2 $1 23.
Qd4 c3 $1 {wins faster.}) 23. Nxa2 c2 24. Qd4 $5 ({Or} 24. Rc1 $1 Nxe5 $1 25.
Rxc2 Bg4 26. Nd2 Nd3+ 27. Bxd3 Qxd3 28. Nxe4 Qxe4+ 29. Kd2 Qxf4+ {(Kasparov).})
24... cxd1=Q+ {Kasparov leaves a pawn on d1. Karpov calls it a knight and
plays 25.Qxe4. The arbiter corrects the situation.} 25. Kxd1 Ndc5 26. Qxd8
Rxd8+ 27. Kc2 Nf2 ({Kasparov gives} 27... Nf2 28. Rg1 Bf5+ 29. Kb2 Nd1+ 30. Ka1
Nxb3#) 0-1

[Event "Linares"]
[Site "11"]
[Date "1993.??.??"]
[Round "11"]
[White "Jussupow, Artur"]
[Black "Karpov, Anatoly"]
[Result "0-1"]
[WhiteElo "2645"]
[BlackElo "2725"]
[Annotator "JvR"]
[PlyCount "80"]
[EventDate "1993.??.??"]

1. d4 Nf6 2. c4 e6 3. Nc3 Bb4 4. e3 c5 5. Bd3 Nc6 6. a3 Bxc3+ 7. bxc3 O-O 8.
Ne2 b6 9. e4 Ne8 10. O-O Ba6 11. f4 f5 12. Ng3 g6 13. Be3 cxd4 14. cxd4 d5 15.
cxd5 Bxd3 16. Qxd3 fxe4 17. Qxe4 Qxd5 18. Qxd5 exd5 19. Rac1 Rc8 20. f5 Nd6 21.
fxg6 hxg6 22. Rxf8+ Kxf8 {The endgame is still equal.} 23. h4 $2 ({Black has
the initiative, but} 23. Ne2 Nc4 24. Rc3 {protects everything.}) 23... Nc4 24.
Bg5 $6 Nxd4 25. h5 $6 gxh5 26. Rf1+ Ke8 27. Nxh5 Nxa3 28. Ng7+ Kd7 29. Rf7+ Kc6
30. Rxa7 Nac2 31. Bf6 b5 32. g4 b4 33. Ra2 b3 34. Rb2 Kc5 35. Nf5 Rg8 36. Nxd4
Rxg4+ 37. Kf2 Nxd4 38. Bxd4+ Kxd4 39. Rxb3 Re4 40. Ra3 Re8 0-1

[Event "Linares"]
[Site "11"]
[Date "1993.??.??"]
[Round "11"]
[White "Kasparov, Gary"]
[Black "Gelfand, Boris"]
[Result "1-0"]
[WhiteElo "2805"]
[BlackElo "2690"]
[Annotator "JvR"]
[PlyCount "49"]
[EventDate "1993.??.??"]

1. e4 c5 2. Nf3 d6 3. d4 cxd4 4. Nxd4 Nf6 5. Nc3 a6 6. Bc4 e6 7. Bb3 b5 8. O-O
Be7 9. Qf3 Qc7 10. Qg3 O-O 11. Bh6 Ne8 12. Rad1 Bd7 13. Nf3 $1 {Kasparov plays
a novelty.} b4 $5 {Gelfand gives a hazardous answer.} 14. Ne2 a5 15. Nf4 Kh8
16. Bg5 Nf6 17. Qh4 Bb5 $4 ({Theory will become} 17... Nc6 18. Nh5 Ng8 {
(Rudak-Simantsev, Alushta 2002).}) 18. Nd4 $1 Be8 ({The pointe is} 18... Bxf1
19. Ndxe6 $1 fxe6 20. Bxe6 $1 g6 21. Nxg6+ Kg7 22. Qh6#) 19. Ndxe6 $1 {The
combination continues.} fxe6 20. Nxe6 Qa7 21. e5 dxe5 22. Nxf8 Bxf8 23. Bxf6
gxf6 24. Rd8 Nd7 ({Or} 24... Qe7 25. Qg4 Bg6 26. Qc4 Qg7 27. Qc8 $1) 25. Qg4
1-0

[Event "Linares"]
[Site "11"]
[Date "1993.??.??"]
[Round "12"]
[White "Karpov, Anatoly"]
[Black "Kramnik, Vladimir"]
[Result "1/2-1/2"]
[WhiteElo "2725"]
[BlackElo "2685"]
[Annotator "JvR"]
[PlyCount "198"]
[EventDate "1993.??.??"]

1. c4 c6 2. e4 d5 3. exd5 cxd5 4. d4 Nf6 5. Nc3 Nc6 6. Nf3 Bg4 7. cxd5 Nxd5 8.
Qb3 Bxf3 9. gxf3 e6 10. Qxb7 Nxd4 11. Bb5+ Nxb5 12. Qc6+ Ke7 13. Qxb5 Qd7 14.
Nxd5+ Qxd5 15. Bg5+ f6 16. Qxd5 exd5 17. Be3 Ke6 18. O-O-O Bb4 19. Rd3 Rhd8 20.
a3 Rac8+ 21. Kb1 Bc5 22. Re1 Kd6 23. Rg1 g6 24. Rgd1 Ke6 25. Re1 Bxe3 26.
Rdxe3+ Kf5 27. Re7 Kf4 28. R1e3 a5 29. h3 h5 30. R7e6 Kg5 31. Ra6 d4 32. f4+
Kf5 33. Rxa5+ Kxf4 34. Rd3 Ke4 35. Rd2 g5 36. Ra6 f5 37. Re6+ Kf3 38. Re5 Kf4
39. Re6 h4 40. Rd3 g4 41. Rh6 Kg5 42. Rh7 Rc6 43. a4 Rd5 44. a5 Rcd6 45. Ra7
gxh3 46. Rg7+ Kf4 47. Rh7 Ke4 48. Rxh3 Rxa5 49. Kc2 Rb5 50. Re7+ Kf4 51. Rxh4+
Kf3 52. Rh3+ Kxf2 53. Rd3 Rc6+ 54. Kb1 Rb4 55. b3 f4 56. Re4 Rf6 57. Kb2 f3 58.
Ka3 Rbb6 59. Rdxd4 Rg6 60. Rd2+ Kg3 61. Re3 Rbe6 62. Rc3 Ra6+ 63. Kb2 Rg4 64.
Rd8 Rf6 65. Rd2 Rgf4 66. Ka3 Kg4 67. Rf2 Ra6+ 68. Kb2 Rh6 69. Ka3 Rh1 70. Rd3
Kg3 71. Rc2 Rhh4 72. Re3 Rh2 73. Rc8 Kg2 74. Rg8+ Kf1 75. b4 f2 76. Rb3 Rhh4
77. Rgg3 Rd4 78. Ka4 Rhe4 79. Ka5 Rd2 80. Rh3 Ke2 81. Rh2 Ra2+ 82. Kb6 Re6+ 83.
Kc5 Rc2+ 84. Kb5 Rh6 85. Rg2 Rf6 86. Rh2 Rh6 87. Rg2 Kf1 88. Rg5 Rf6 89. Rc5
Rd2 90. Rc6 Rf4 91. Rc1+ Kg2 92. Rbb1 Rf8 93. Ka5 Ra2+ 94. Kb6 Rf6+ 95. Kc5
Rf5+ 96. Kb6 Re2 97. b5 Re6+ 98. Ka5 Rfe5 99. Ka4 Re4+ {Karpov came close to
losing.} ({Kramnik cannot win at the end, due to} 99... Re1 100. Rxe1 Rxe1 101.
Rb2 Kf3 102. Rxf2+ Kxf2 103. Kb4 $1 Ke3 104. Kc5 $1) 1/2-1/2

[Event "Linares"]
[Site "11"]
[Date "1993.??.??"]
[Round "12"]
[White "Shirov, Alexei"]
[Black "Kasparov, Gary"]
[Result "1/2-1/2"]
[WhiteElo "2670"]
[BlackElo "2805"]
[Annotator "JvR"]
[PlyCount "93"]
[EventDate "1993.??.??"]

1. d4 Nf6 2. c4 g6 3. g3 Bg7 4. Bg2 O-O 5. Nc3 d6 6. Nf3 Nbd7 7. O-O e5 8. h3
c6 9. e4 Qb6 10. c5 dxc5 11. dxe5 Ne8 12. e6 fxe6 13. Ng5 Ne5 14. f4 Nf7 $5 {
Kasparov diverts from theory and chooses a solid move.} 15. Nxf7 Bd4+ $1 16.
Kh2 Rxf7 17. e5 Nc7 18. Ne4 Nd5 19. a4 $5 a5 20. Ra3 Qc7 21. Nd6 Rf8 22. h4 $5
b6 23. h5 Qg7 24. hxg6 hxg6 25. Be4 Ba6 26. Re1 Ne7 27. Kg2 Rad8 28. Rb3 $5
Bxe5 $5 {Black has been moving his pieces to good squares. Now, the
counteraction starts.} 29. fxe5 Qxe5 30. Qg4 Rxd6 31. Bf4 $6 ({Preferable is} 
31. Bh6 $1 Qd4 32. Bxf8 Qd2+ 33. Kh3 Kxf8) 31... Rxf4 $1 32. gxf4 Rd2+ 33. Kg3
Qf6 $6 {Kasparov lets his advantage slip away.} (33... Qd4 $1 34. Qxe6+ Kf8 35.
Rbe3 Bc8 $1 36. Qe5 Qxe5 37. fxe5 Rxb2 {leads to a better endgame (Shirov).})
34. Rxb6 Bd3 $6 ({Right is} 34... Rxb2 35. Rxb2 Qc3+) 35. Rb8+ Kf7 36. Qh3 Bxe4
37. Qh7+ Qg7 38. Qxg7+ Kxg7 39. Rxe4 Nf5+ 40. Kf3 Kf6 41. Rc4 Rd5 42. Rf8+ Ke7
43. Ra8 Nd6 44. Rc3 c4 45. Ra6 Rc5 46. b3 (46. Re3 $1 Nf7 47. Ke2 {keeps a
plus.}) 46... Kf6 47. bxc4 1/2-1/2

[Event "Linares"]
[Site "11"]
[Date "1993.??.??"]
[Round "13"]
[White "Bareev, Evgeny"]
[Black "Karpov, Anatoly"]
[Result "1/2-1/2"]
[WhiteElo "2670"]
[BlackElo "2725"]
[Annotator "JvR"]
[PlyCount "86"]
[EventDate "1993.??.??"]

1. d4 Nf6 2. c4 e6 3. Nc3 Bb4 4. Qc2 O-O 5. a3 Bxc3+ 6. Qxc3 b6 7. Nf3 Bb7 8.
e3 d6 9. b3 Nbd7 10. Bb2 Ne4 11. Qc2 f5 12. Bd3 Ndf6 13. O-O Qe7 14. Nd2 Nxd2
15. Qxd2 Ne4 $6 16. Qe2 c5 17. f3 $1 Nf6 18. b4 Rac8 19. Rab1 Rc7 20. Rfd1 Nh5
$6 21. dxc5 bxc5 22. bxc5 Rxc5 $6 23. Bd4 Rcc8 ({Black prefers to lose a pawn
above} 23... Ra5 24. Qd2 $1 {(Bareev).}) 24. Bxa7 Nf6 25. Bb6 Ba6 26. Ba5 Rc6
27. Bb4 Rfc8 28. h3 Qa7 29. Kh1 h6 30. Qe1 d5 31. cxd5 Nxd5 32. Bxa6 Rxa6 33.
e4 Ne3 34. Rdc1 Nc2 35. Qd2 Rac6 36. exf5 exf5 37. Qd5+ $6 Qf7 $1 38. Rd1 $6 (
38. Qxf7+ Kxf7 39. Rd1 {keeps a plus.}) 38... Qxd5 39. Rxd5 Ne3 40. Rd4 Rc1+
41. Rxc1 Rxc1+ 42. Kh2 Rc2 43. Kg3 g5 $1 ({Black's counter-play is effective in
} 43... g5 44. f4 Nf1+ 45. Kf3 Nh2+ {(Bareev).}) 1/2-1/2

[Event "Linares"]
[Site "11"]
[Date "1993.??.??"]
[Round "13"]
[White "Kasparov, Gary"]
[Black "Kamsky, Gata"]
[Result "1-0"]
[WhiteElo "2805"]
[BlackElo "2655"]
[Annotator "JvR"]
[PlyCount "69"]
[EventDate "1993.??.??"]

{Rentero offered $1500 for Gary's head.} 1. e4 c5 2. Nf3 e6 3. d4 cxd4 4. Nxd4
Nf6 5. Nc3 d6 6. Be3 a6 7. f3 Nbd7 8. g4 $5 h6 9. Rg1 {The assault is
supported by a new move.} Qb6 $5 10. a3 $1 Ne5 11. Bf2 $1 Qc7 ({Not} 11... Qxb2
$4 12. Na4) 12. f4 $5 Nc4 $6 (12... Ng6 $5 {keeps the queen's knight as a
defender (Kasparov).}) 13. Bxc4 Qxc4 14. Qf3 e5 $6 (14... b6 15. e5 Nd5 {
defends properly.}) 15. Nf5 Bxf5 16. gxf5 d5 $6 (16... Rc8 {shows appropriate
modesty.}) 17. fxe5 Nxe4 18. Rg4 $1 {Kasparov has fun in the following attack.}
h5 19. Rh4 Bc5 20. O-O-O Bxf2 21. Nxe4 dxe4 22. Qxf2 Rc8 23. Kb1 Rd8 24. Rxd8+
Kxd8 25. Rh3 Qd5 26. Rc3 Kd7 27. Qb6 Rd8 28. Rc5 Qd1+ 29. Ka2 Ke8 30. Qxb7 Qg4
31. e6 $1 fxe6 32. Re5 $1 Qg5 33. h4 $1 Qxh4 34. Rxe6+ Kf8 35. f6 $1 {Kasparov
won the tournament 1 1/2 points before Karpov and Shirov.} 1-0

[Event "Linares"]
[Site "12"]
[Date "1994.??.??"]
[Round "1"]
[White "Bareev, Evgeny"]
[Black "Kasparov, Gary"]
[Result "0-1"]
[WhiteElo "2685"]
[BlackElo "2805"]
[Annotator "JvR"]
[PlyCount "62"]
[EventDate "1994.??.??"]

1. d4 Nf6 2. c4 c5 3. d5 b5 4. cxb5 a6 5. bxa6 g6 6. Nf3 Bxa6 7. Nc3 d6 8. Nd2
Bg7 9. e4 Bxf1 10. Nxf1 Qa5 11. Bd2 O-O 12. Ne3 Nbd7 13. O-O Qa6 14. Qc2 Ne5 $5
{Black presses on the queenside for the sacrificed pawn.} 15. b3 Nfd7 $5 16. f4
$5 Nd3 17. a3 {A knight becomes imprisoned.} Bd4 $1 18. Kh1 Rfc8 19. Rab1 ({A
plus is kept by} 19. Rf3 $1 Bxe3 20. Bxe3 c4 21. Ne2 Nb4 $1 22. Qc3 cxb3 23.
Qxb4 Qxe2 24. Qxb3) 19... c4 $1 20. b4 ({Kasparov's pointe is} 20. Nxc4 Nf2+
21. Rxf2 Bxf2) 20... Nf6 21. Ned1 Rcb8 22. Ne3 Rc8 23. b5 $2 (23. Rf3 $1 Bxc3
24. Bxc3 Nxe4 25. Bd4 Qb5 26. Nxc4 Rxc4 27. Qxd3 Qxd5 {leads to equality.})
23... Qb6 24. Nxc4 Nf2+ 25. Rxf2 Rxc4 26. Rf3 Rxa3 27. Qb2 $1 Nxe4 $1 28. Qxa3
Nxd2 29. Qa2 Be3 $1 {The complications are immense.} 30. Rc1 $2 ({Better is} 
30. Nd1 $1 {(Kasparov), but} Qa7 $1 31. Qxa7 Bxa7 32. Ra1 Nxf3 33. Rxa7 Nd4 34.
Rxe7 Nxb5 {brings a big positional advantage.}) 30... Qd4 31. b6 ({Or} 31. Rxe3
Qxe3 32. b6 Ne4) 31... Rxc3 0-1

[Event "Linares"]
[Site "12"]
[Date "1994.??.??"]
[Round "1"]
[White "Beliavsky, Alexander"]
[Black "Shirov, Alexei"]
[Result "1/2-1/2"]
[WhiteElo "2650"]
[BlackElo "2715"]
[Annotator "JvR"]
[PlyCount "112"]
[EventDate "1994.??.??"]

1. e4 c5 2. Nf3 e6 3. d4 cxd4 4. Nxd4 Nf6 5. Nc3 Nc6 6. Ndb5 d6 7. Bf4 e5 8.
Bg5 a6 9. Na3 b5 10. Nd5 Be7 11. Bxf6 Bxf6 12. c3 Bb7 13. Bd3 $5 Nb8 $5 14. Nc2
Nd7 15. a4 bxa4 16. Rxa4 Bg5 $5 17. O-O O-O 18. Ra2 a5 19. Bc4 Nb6 20. Nxb6
Qxb6 21. Qd3 Rac8 22. Rd1 Rfd8 23. b3 g6 $6 24. Rda1 Rc5 25. Ne3 $6 Bxe3 26.
Qxe3 Bxe4 $3 27. Bxf7+ $1 {Beliavsky has a fine answer to an excellent move.} (
27. Qxe4 $6 d5 28. Bxd5 Rcxd5 29. Qc2 e4 $1 {(Shirov).}) 27... Kxf7 28. Qxe4
Qxb3 29. Qh4 Rh8 30. Qh3 Rd5 31. Qf3+ Kg7 32. Ra3 Qb5 33. Rxa5 $5 {White
chooses a drastic solution.} Qxa5 34. Rxa5 Rxa5 35. Qb7+ Kf6 36. h4 Rc5 37. Qd7
Rd5 38. g4 h6 $1 39. c4 $6 (39. Kg2 $1 Rd2 $1 40. g5+ $1 hxg5 41. hxg5+ Kxg5
42. Qe7+ Kh6 ({not} 42... Kh5 $4 43. Qf6 $1) 43. Qh4+ {draws more easily.})
39... Rd4 40. Kg2 Rf8 41. f3 Rf7 42. g5+ $1 hxg5 43. hxg5+ Kg7 44. Qh3 Rd2+ 45.
Kg1 Rf5 46. Qh6+ Kf7 47. Qh7+ Kf8 48. Qxg6 Rxf3 49. Qh6+ Ke7 50. g6 $1 Rg3+ 51.
Kf1 Rd1+ 52. Kf2 Rdg1 53. Qg7+ Kd8 54. Qf8+ Kc7 55. Qe7+ Kc6 56. Qe8+ Kc7
1/2-1/2

[Event "Linares"]
[Site "12"]
[Date "1994.??.??"]
[Round "1"]
[White "Lautier, Joel"]
[Black "Karpov, Anatoly"]
[Result "0-1"]
[WhiteElo "2625"]
[BlackElo "2740"]
[Annotator "JvR"]
[PlyCount "98"]
[EventDate "1994.??.??"]

1. c4 e5 2. Nc3 Nf6 3. Nf3 Nc6 4. g3 Bb4 5. Nd5 Bc5 6. Bg2 d6 7. O-O O-O 8. e3
Bg4 9. h3 Bh5 10. d3 a5 11. a3 Ba7 12. Nc3 Re8 13. Qc2 Nd7 14. Rb1 Ne7 15. b4
axb4 16. axb4 c6 17. Qb3 Bg6 18. Rd1 h6 19. Nh4 Bh7 20. Ne4 Bb8 21. Ba3 Nf8 22.
b5 Ne6 23. Ra1 Qd7 24. Nc3 Bc7 25. d4 exd4 26. exd4 Ng5 27. Kh2 Ba5 28. Bb2
Bxc3 $5 29. Bxc3 Be4 $1 30. f3 Bh7 31. Rxa8 Rxa8 32. Re1 d5 33. bxc6 bxc6 34.
Bb4 dxc4 35. Qxc4 ({Avoids} 35. Rxe7 $4 cxb3 36. Rxd7 b2) 35... Nd5 36. f4 Ne6
37. Bd2 Re8 38. Nf3 f6 $1 39. Rc1 Be4 $6 40. Qxc6 $2 {Lautier plays an obvious
move under time pressure.} ({He gains an advantage by} 40. Ne5 $1 fxe5 41. Bxe4
{(Karpov).}) 40... Qxc6 41. Rxc6 Ndxf4 $1 42. Rd6 Nxg2 43. Kxg2 Nc7 44. Kf2 Ra8
$1 45. Be3 Nb5 46. Rb6 Nc3 47. Rb3 $2 ({White fights for survival in} 47. Nd2
Bd5 48. Bf4 Ra2 {(Karpov).}) 47... Nd1+ 48. Ke2 Bd5 49. Rd3 Bc4 0-1

[Event "Linares"]
[Site "12"]
[Date "1994.??.??"]
[Round "2"]
[White "Kasparov, Gary"]
[Black "Illescas Cordoba, Miguel"]
[Result "1-0"]
[WhiteElo "2805"]
[BlackElo "2590"]
[Annotator "JvR"]
[PlyCount "85"]
[EventDate "1994.??.??"]

1. c4 Nf6 2. Nc3 c5 3. g3 e6 4. Nf3 Nc6 5. Bg2 d5 6. cxd5 exd5 7. d4 Be7 8. O-O
O-O 9. Bg5 cxd4 10. Nxd4 h6 11. Be3 Re8 12. Rc1 Bf8 13. Nxc6 bxc6 14. Na4 Bd7
15. Bc5 Bxc5 16. Nxc5 Bg4 17. Re1 Qa5 18. h3 Bf5 19. Qd4 $1 ({Kasparov
improves on the quiet continuation} 19. Qa4 Qd2 20. Qf4 Qxf4 21. gxf4 {in
Kramnik - Illescas Cordoba, Pamplona 1992.}) 19... Rab8 ({The first pointe is} 
19... Qxa2 $2 20. Ra1 Qc4 21. Qxc4 dxc4 22. Bxc6) 20. a3 Qb5 21. b3 Ne4 $6 ({
The second point is} 21... Rxe2 $2 22. Rxe2 Qxe2 23. Qf4) ({Kasparov prefers} 
21... a5 $5) 22. b4 $1 a5 $5 {If Black exchanges the knights, the opponent
keeps the blockade.} 23. Nxe4 Bxe4 24. Rc5 Qb6 25. bxa5 Qb2 $5 ({An
alternative brings} 25... Qa6) 26. Qxb2 Rxb2 27. Rxc6 Ra2 28. Rec1 Rxa3 $4 {
Black should exchange pieces.} ({Great resistance is offered by} 28... Bxg2 $1
29. Rc8 $1 {(Kasparov), and now} Kf8 $1 30. Kxg2 Rxa3 31. Rxe8+ Kxe8 32. Rc5 d4
) 29. Rc8 Rxc8 30. Rxc8+ Kh7 31. f3 $1 {White circumvents the exchange of
bishops.} Bf5 32. Rc5 Be6 33. Kf2 g5 34. f4 gxf4 35. gxf4 d4 36. Be4+ Kg7 37.
f5 Ba2 38. Bd3 Kf6 39. a6 Ke7 40. Rc6 f6 41. Rc7+ Kd6 42. Rh7 Ra4 43. Rxh6 1-0

[Event "Linares"]
[Site "12"]
[Date "1994.??.??"]
[Round "2"]
[White "Shirov, Alexei"]
[Black "Lautier, Joel"]
[Result "0-1"]
[WhiteElo "2715"]
[BlackElo "2625"]
[Annotator "JvR"]
[PlyCount "122"]
[EventDate "1994.??.??"]

1. d4 d5 2. c4 e6 3. Nc3 Bb4 4. a3 Bxc3+ 5. bxc3 c5 6. e3 Ne7 7. Bd3 Qc7 $6 8.
cxd5 exd5 9. Ne2 Bf5 10. Bxf5 Nxf5 11. O-O O-O 12. Nf4 Ne7 13. c4 $6 dxc4 14.
d5 Ng6 15. Nh5 $5 Qe5 $1 {Black has the initiative.} 16. Rb1 Rd8 17. Qg4 $1 (
17. Rxb7 Qxd5 18. Qxd5 Rxd5 {favours Black (Lautier).}) 17... Nd7 $1 ({White
recovers in} 17... Qxd5 18. Bb2 $1) 18. e4 b6 19. Bb2 c3 20. Ba1 c4 21. Qf3 f6
22. Bxc3 Qe7 23. Qg4 $1 Nde5 $1 24. Qg3 Nd3 25. f4 Kh8 26. Kh1 Rd7 27. e5 $5 ({
A surprising defence brings} 27. f5 $5 Nge5 28. Bb4 Qf7 29. Nf4) 27... fxe5 28.
fxe5 Rxd5 29. e6 Rxh5 30. Qf3 Re8 31. Qxh5 Qxe6 32. Qf3 Kg8 33. Qb7 Qe7 34. Qc6
Nge5 35. Qe4 h6 36. a4 Qc5 37. Qf5 a6 {Both sides seem to have the initiative
now.} 38. h3 $6 ({Best is} 38. Rbe1 $1 Re7 $1 (38... Nxe1 $2 39. Rxe1) (38...
Qd6 $2 39. Qf7+ $1 Nxf7 40. Rxe8+ Qf8 41. Rxf8+ Kxf8 42. Rb1) (38... b5 $2 39.
axb5 axb5 40. Bxe5 Rxe5 41. Rxe5 Qxe5 42. Qxe5 Nxe5 43. Rf5) 39. Qf8+ Kh7 40.
Qf5+ {drawn.}) 38... Qc6 39. Bd4 b5 40. axb5 axb5 41. Ra1 Qd5 42. Bxe5 Rxe5 43.
Qc8+ Kh7 44. Rf8 $6 ({Adraw is forced by} 44. Ra8 $1 Rg5 $1 45. Qh8+ Kg6 46.
Qe8+ Kh7) 44... Nc5 45. Rh8+ Kg6 46. Rd8 Qe6 47. Qb8 Qf6 48. Rf8 Qe7 49. Rf3
Kh7 50. Kh2 $2 (50. Qxb5 Nb3 51. Rxb3 $1 Rxb5 52. Rxb5 c3 53. Rbb1 c2 54. Rf1 {
leads to a postional draw.}) 50... Nd7 51. Qb7 Nf6 52. Qxe7 Rxe7 53. Rf5 $6 ({
The last chance gives} 53. Rb1 $1 Re5 54. g4) 53... b4 54. Rf4 Ne4 $1 55. Ra4
g5 $1 {Black has changed an equal into a winning position.} 56. Rf8 $6 ({More
resistance is offered by} 56. Rxe4 Rxe4 57. Rxb4 {(Lautier)} Kg6 $1 58. Rb6+
Kf5 $1 59. Rxh6 Re6 60. Rh8 Rc6 {The rook supports the passed pawn.} 61. Rf8+
$1 Ke4 62. Re8+ Kd3 63. Rd8+ Ke3 $1 64. Re8+ Kd2 65. Rd8+ Kc1 {Black gives a
second pawn and wins in} 66. Rg8 c3 67. Rxg5 c2 68. Rf5 Kd2 69. Rf1 c1=Q 70.
Rxc1 Rxc1) 56... Rb7 57. Rc8 Nd2 58. Raa8 b3 59. Rh8+ Kg6 60. Ra6+ Kf5 61. Re8
h5 0-1

[Event "Linares"]
[Site "12"]
[Date "1994.??.??"]
[Round "3"]
[White "Bareev, Evgeny"]
[Black "Shirov, Alexei"]
[Result "1-0"]
[WhiteElo "2685"]
[BlackElo "2705"]
[Annotator "JvR"]
[PlyCount "79"]
[EventDate "1994.??.??"]

1. d4 d5 2. c4 c6 3. Nf3 Nf6 4. Nc3 e6 5. e3 Nbd7 6. Bd3 dxc4 7. Bxc4 b5 8. Bd3
Bb7 9. e4 b4 10. Na4 c5 11. e5 Nd5 12. dxc5 Nxc5 13. Nxc5 Bxc5 14. O-O h6 15.
Nd2 O-O 16. Ne4 Bd4 17. Nd6 Bxe5 $5 ({Known is} 17... Bc6 18. Bh7+ Kxh7 19.
Qxd4 f6 {(Tukmakov-Dreev, Odessa 1989).}) 18. Nxb7 Qb6 19. Qh5 Bf4 $2 {Shirov
blunders.} ({Correct is} 19... Bd4 20. Bxh6 $6 gxh6 21. Qxh6 f5 $1) 20. Nc5 $1
Qxc5 21. Bxf4 Qd4 22. Bd6 $1 Qxd3 ({The pointe is} 22... Rfd8 23. Rad1) 23.
Bxf8 Rxf8 24. Qe5 Rc8 25. Rfc1 Rd8 26. h3 Kh7 27. Re1 Qc4 28. Rac1 Qxa2 29. Ra1
Qb3 30. Rxa7 Kg8 31. Qd4 Re8 32. Re2 Rc8 33. Rxe6 Nc3 34. Rae7 Qxb2 35. Re8+
Rxe8 36. Rxe8+ Kh7 37. Qd3+ g6 38. Qc4 Qb1+ 39. Kh2 Qf5 40. Qd4 1-0

[Event "Linares"]
[Site "12"]
[Date "1994.??.??"]
[Round "3"]
[White "Illescas Cordoba, Miguel"]
[Black "Karpov, Anatoly"]
[Result "0-1"]
[WhiteElo "2590"]
[BlackElo "2740"]
[Annotator "JvR"]
[PlyCount "126"]
[EventDate "1994.??.??"]

1. Nf3 Nf6 2. c4 b6 3. g3 Bb7 4. Bg2 e6 5. Nc3 Bb4 6. O-O O-O 7. Qc2 Re8 8. d4
Bxc3 9. Qxc3 d6 10. b3 Nbd7 11. Bb2 Be4 12. Rac1 Rc8 13. Rfd1 c6 14. Qb4 Qc7
15. Qd2 Qb7 16. Qf4 d5 17. Bf1 b5 18. cxb5 cxb5 19. Ne1 Qa6 20. a3 h6 21. Rxc8
Rxc8 22. Rc1 Nb8 23. e3 Rxc1 24. Bxc1 Qb6 25. Bd2 Nbd7 26. Bb4 $2 (26. g4 $1 {
creates an escape for the queen.}) 26... a5 27. Be7 e5 $1 {Karpov utilises an
error again.} 28. Qh4 (28. dxe5 g5 $1 {wins a queen.}) 28... exd4 29. Qf4 dxe3
30. Qxe3 d4 31. Qf4 Qc6 32. Bxf6 Nxf6 33. Qb8+ Kh7 34. Qxb5 Qc1 35. Nd3 Qd1 $2
({Correct is} 35... Qxa3) 36. Nc5 $1 Bg6 37. Kg2 $2 (37. b4 $1 Ne4 {(Karpov)}
38. Qe2 $1 Qxe2 39. Bxe2 {saves the game.}) 37... Ne4 38. Be2 Qe1 39. Nxe4
Bxe4+ 40. f3 (40. Bf3 $2 d3 $1) 40... Bg6 41. h4 h5 42. f4 Be4+ 43. Bf3 g6 44.
Bxe4 Qxe4+ 45. Kf2 Qe3+ 46. Kg2 d3 47. Qc4 Qe2+ 48. Kg1 Qd1+ 49. Kf2 Qd2+ 50.
Kf1 Qd1+ 51. Kf2 Qe2+ 52. Kg1 Kg8 53. Qc8+ Kg7 54. Qc3+ Kf8 55. Qc5+ Ke8 56.
Qc6+ Ke7 57. Qc5+ Ke6 58. Qf2 Qd1+ 59. Kg2 Qxb3 60. Qe1+ Kd7 61. Qxa5 Qc2+ 62.
Kh3 d2 63. Qd5+ Kc8 0-1